Crítica y verdad
Enregistré dans:
| Auteur principal: | |
|---|---|
| Format: | Livre |
| Langue: | Undetermined |
| Publié: |
México, Distrito Federal
Siglo Veintiuno editores
1985
|
| Édition: | 7 |
| Sujets: | |
| Tags: |
Ajouter un tag
Pas de tags, Soyez le premier à ajouter un tag!
|
MARC
| LEADER | 00000nam a2200000Ia 4500 | ||
|---|---|---|---|
| 008 | 170316s9999 xx 000 0 und d | ||
| 090 | |a 801 B-7c | ||
| 100 | |a Barthes, Roland | ||
| 245 | |a Crítica y verdad | ||
| 250 | |a 7 | ||
| 260 | |a México, Distrito Federal | ||
| 260 | |b Siglo Veintiuno editores | ||
| 260 | |c 1985 | ||
| 300 | |a 82 páginas | ||
| 650 | |a TEORÍA LITERARIA | ||
| 650 | |a CRÍTICA LITERARIA | ||
| 650 | |a LO VEROSIMIL | ||
| 650 | |a CRISIS DEL COMENTARIO | ||
| 650 | |a CIENCIA DE LA LITERATURA | ||
| 999 | |c 20119 |d 20119 | ||
| 040 | |a cru BVZT | ||
| 942 | |c 15 D |h 801 B-7c |2 z | ||
